<?xml version="1.0" encoding="UTF-8"?>
<record
    xmlns:xsi="http://www.w3.org/2001/XMLSchema-instance"
    xsi:schemaLocation="http://www.loc.gov/MARC21/slim http://www.loc.gov/standards/marcxml/schema/MARC21slim.xsd"
    xmlns="http://www.loc.gov/MARC21/slim">

  <leader>01787nam a22002777a 4500</leader>
  <controlfield tag="005">20220507122820.0</controlfield>
  <controlfield tag="008">220507b           ||||| |||| 00| 0 eng d</controlfield>
  <datafield tag="020" ind1=" " ind2=" ">
    <subfield code="a">9781108822909</subfield>
  </datafield>
  <datafield tag="040" ind1=" " ind2=" ">
    <subfield code="c">Aloy</subfield>
  </datafield>
  <datafield tag="041" ind1=" " ind2=" ">
    <subfield code="a">eng</subfield>
  </datafield>
  <datafield tag="082" ind1=" " ind2=" ">
    <subfield code="2">23</subfield>
    <subfield code="a">537.6</subfield>
    <subfield code="b">GRII</subfield>
  </datafield>
  <datafield tag="100" ind1=" " ind2=" ">
    <subfield code="a">David J Griffiths</subfield>
    <subfield code="9">34723</subfield>
  </datafield>
  <datafield tag="245" ind1=" " ind2=" ">
    <subfield code="a">Introduction to electrodynamics</subfield>
  </datafield>
  <datafield tag="250" ind1=" " ind2=" ">
    <subfield code="a">4</subfield>
  </datafield>
  <datafield tag="260" ind1=" " ind2=" ">
    <subfield code="a">New Delhi:</subfield>
    <subfield code="b">Cambridge University Press,</subfield>
    <subfield code="c">2020.</subfield>
  </datafield>
  <datafield tag="300" ind1=" " ind2=" ">
    <subfield code="a">xviii,604p.</subfield>
    <subfield code="b">PB</subfield>
    <subfield code="c">24x18cm.</subfield>
  </datafield>
  <datafield tag="365" ind1=" " ind2=" ">
    <subfield code="2">Physics</subfield>
    <subfield code="a">514</subfield>
    <subfield code="b">636.00</subfield>
    <subfield code="c">&#x20B9;</subfield>
    <subfield code="d">795.00</subfield>
    <subfield code="e">20%</subfield>
    <subfield code="f">05-05-2022</subfield>
  </datafield>
  <datafield tag="520" ind1=" " ind2=" ">
    <subfield code="a">This well-known undergraduate Electrodynamics textbook is now available from Cambridge University press. The fourth edition provides a rigorous, yet clear and accessible treatment of the fundamentals of electromagnetic theory and offers a sound platform for explorations of related applications (AC circuits, antennas, transmission lines, plasmas, Optics and more). written keeping in mind the conceptual hurdles typically faced by undergraduate students, This textbook illustrates the theoretical steps with well-chosen examples and careful illustrations. It balances text and equations, allowing the Physics to shine through without compromising the rigour of the math, and includes numerous problems, varying from straightforward to elaborate, so that students can be assigned some problems to build their confidence and others to stretch their minds. A solutions manual is available to instructors teaching from the book; access can be requested from the resources section.</subfield>
  </datafield>
  <datafield tag="650" ind1=" " ind2=" ">
    <subfield code="a">Vector Analysis</subfield>
    <subfield code="9">34666</subfield>
  </datafield>
  <datafield tag="650" ind1=" " ind2=" ">
    <subfield code="a">Electrostatics</subfield>
    <subfield code="9">34667</subfield>
  </datafield>
  <datafield tag="650" ind1=" " ind2=" ">
    <subfield code="a">Electric Fields in Matter</subfield>
    <subfield code="9">34668</subfield>
  </datafield>
  <datafield tag="650" ind1=" " ind2=" ">
    <subfield code="a">Magnetostatics</subfield>
    <subfield code="9">34669</subfield>
  </datafield>
  <datafield tag="650" ind1=" " ind2=" ">
    <subfield code="a">Conservation Laws</subfield>
    <subfield code="9">34670</subfield>
  </datafield>
  <datafield tag="700" ind1=" " ind2=" ">
    <subfield code="a">GRIFFITHS (David J)</subfield>
    <subfield code="9">34671</subfield>
  </datafield>
  <datafield tag="942" ind1=" " ind2=" ">
    <subfield code="2">ddc</subfield>
    <subfield code="c">BK</subfield>
  </datafield>
  <datafield tag="999" ind1=" " ind2=" ">
    <subfield code="c">222825</subfield>
    <subfield code="d">222825</subfield>
  </datafield>
  <datafield tag="952" ind1=" " ind2=" ">
    <subfield code="0">0</subfield>
    <subfield code="1">0</subfield>
    <subfield code="2">ddc</subfield>
    <subfield code="4">0</subfield>
    <subfield code="7">0</subfield>
    <subfield code="8">PHY</subfield>
    <subfield code="a">AL</subfield>
    <subfield code="b">AL</subfield>
    <subfield code="d">2022-05-06</subfield>
    <subfield code="e">Biblios Book Point, Surathkal, Mangalore-575014</subfield>
    <subfield code="g">636.00</subfield>
    <subfield code="l">7</subfield>
    <subfield code="m">2</subfield>
    <subfield code="o">537.6 GRII</subfield>
    <subfield code="p">075764</subfield>
    <subfield code="r">2023-12-05 00:00:00</subfield>
    <subfield code="s">2023-11-16</subfield>
    <subfield code="v">795.00</subfield>
    <subfield code="w">2022-05-07</subfield>
    <subfield code="y">BK</subfield>
  </datafield>
</record>
